Aritmética para segundo y tercer año de primaria

Gespeichert in:
Bibliographische Detailangaben
Format: keine Angabe
Sprache:Spanisch
Erschienen: Lima Bruño
Katalog:MANES:  Suchergebnis im Bibliothekskatalog
Schulbuchspezifische Eigenschaften:
Tags: Tag hinzufügen
Keine Tags, Fügen Sie den ersten Tag hinzu!
Hinzugefügt zu:26.04.2016

MARC

LEADER 000000000a22000000004500
001 01854
003 OSt
008 160427s sp ||||| |||| 00| 0 spa d
040 |c centro_manes 
691 7 |a PRI 
245 0 0 |a Aritmética para segundo y tercer año de primaria 
260 3 |a Lima  |b Bruño 
300 |a 108 p.  |c 23x17 cm 
500 |a Bruño de América 
690 0 |a MATE 
942 |2 ddc  |c BK 
546 |a España 
999 |c 7828  |d 7828 
999 |c manes:7828  |d 7828